000 00586nam a2200229Ia 4500
003 BUBTL
008 151213s9999 xx 000 0 und d
020 _a8125910042
082 _26th
_a658.4
_bMdw
100 _aD.N.Dwivedi
245 _aManagerial Economics
_cD.N.Dwivedi
250 _a6th
260 _aNew Delhi
_bVikas
_c2002
300 _axxiv, 650 p. ;
_bills. chart, graph. :
_c24 cm.
500 _aIncludes index
650 _aEconomics
650 _aEconomics
700 _aDwivedi D.N
_9288
856 _k0
_l0
_yDownload
942 _2ddc
_cBK
999 _c1689
_d1689